La obra en prosa de Juan Ramón Jiménez

Shranjeno v:
Bibliografske podrobnosti
Glavni avtor: Predmore, Michael P (Author)
Format: Knjiga
Jezik:španščina
Izdano: Madrid Gredos 1966
Serija:Biblioteca Románica Hispánica. Estudios y Ensayos, 91
Teme:
Oznake: Označite
Brez oznak, prvi označite!

MARC

LEADER 00000nam a2200000 a 4500
001 UCT5575
003 CL-VaPUC
005 20250227161800.0
008 961216e19660000SP |||||||||||||||||spa|d
999 |c 254478  |d 254476 
040 |c Pontificia Universidad Católica de Valparaíso 
082 0 4 |a 861.09  |b PRE  |2 21 
100 0 |a Predmore, Michael P  |e author  |9 375129 
245 1 3 |a La obra en prosa de Juan Ramón Jiménez 
260 |a Madrid  |b Gredos  |c 1966 
300 |a 274 p 
490 0 |a Biblioteca Románica Hispánica. Estudios y Ensayos, 91 
583 |a last modification  |c 19961216 00:00:00  |k Rodrigo Vera 
600 0 |a Jiménez, Juan Ramón,  |d 1881-1958  |9 858379 
650 7 |a PROSA POETICA ESPAÑOLA  |2 CL-VaPUC  |9 309004 
650 0 |a Vida y obra  |9 311871 
650 0 |a Crítica e interpretación   |9 255042 
852 |a BIBCUR 
942 |c BK  |2 ddc 
945 |d 19961216 00:00:00  |a nastorga 
952 |0 0  |1 0  |4 0  |6 861_090000000000000_PRE_1966  |7 0  |8 A  |9 276175  |a BIBEDU  |b BIBEDU  |d 2019-11-19  |i 3259382  |o 861.09 PRE 1966  |p 3259382  |r 2019-11-19  |w 2019-11-19  |y BK  |k LIT 
952 |0 0  |1 0  |4 0  |6 861_090000000000000_PRE_1966  |7 0  |8 A  |9 276176  |a BIBEDU  |b BIBEDU  |d 2019-11-19  |i 3273717  |o 861.09 PRE 1966  |p 3273717  |r 2019-11-19  |w 2019-11-19  |y BK  |k LIT